000 00502nam a2200181Ia 4500
005 20250508152611.0
008 008 250505s9999 xx 000 0 eng d
037 _aTextual
040 _aFEDL
_beng
_cFEDL
041 _aeng
_2eng
084 _a500, DAN
_qFEDL
100 _aDaniel F
245 0 _aGeneral science for tropical schools. Book 4
260 _aLondon, UK
_bOxford University Press
_c1942
300 _axiv,338p.
942 _cTEXL
_h500, DAN
999 _c1337511
_d1337511